000
00369nam a2200145Ia 4500
008
090124s9999 xx 000 0 und d
082
_b
201457
245
_a
अधांतर
250
_a
1
260
_b
राजाध्यक्ष विजया
_c
1965
300
_a
238
630
_a
अधांतर
730
_a
अधांतर
942
_c
BOOK
999
_c
183038
_d
183038